[Event "43rd Mar del Plata Open"]
[Site "Mar del Plata ARG"]
[Date "2012.03.31"]
[Round "1"]
[White "Mareco,S"]
[Black "Dominguez,Die"]
[Result "1-0"]
[WhiteElo "2579"]
[BlackElo "1996"]

1.d4 d5 2.c4 e6 3.Nf3 Nf6 4.g3 Be7 5.Bg2 O-O 6.O-O dxc4 7.Qc2 a6 8.Qxc4 b5
9.Qc2 Bb7 10.Bd2 Nbd7 11.Ba5 Nb6 12.Nbd2 Rc8 13.Qd3 Bd5 14.b3 Nfd7 15.a4 bxa4
16.bxa4 Nb8 17.Rfc1 g6 18.e4 Bb7 19.Qe3 Re8 20.Nb3 Nc6 21.Bc3 Nd7 22.Ne5 Ndxe5
23.dxe5 Ra8 24.Na5 Qc8 25.Nxc6 Bxc6 26.Ba5 Qd7 27.Rc4 Rec8 28.Qb3 Ra7 29.Qc2 Ba8
30.Rd1 Qe8 31.Bxc7 Kg7 32.h4 Rb7 33.Rd6 Bxd6 34.exd6 f6 35.e5 f5 36.Qd2 Qd7
37.Bc6 Rcxc7 38.Bxd7 Rxc4 39.Bxe6 Rd4 40.Qc1 Rb2 41.h5 Rdd2 42.Bb3 Bf3 43.h6+ Kxh6
44.e6  1-0

[Event "13th EICC"]
[Site "Plovdiv BUL"]
[Date "2012.03.31"]
[Round "11.149"]
[White "Sofranov,V"]
[Black "Petrov,Vl5"]
[Result "1-0"]
[WhiteElo "2198"]
[BlackElo "1980"]

1.d4 Nf6 2.c4 e6 3.g3 d5 4.Nf3 Be7 5.Bg2 O-O 6.O-O dxc4 7.Qc2 a6 8.a4 c5
9.Qxc4 Nbd7 10.Qc2 Ra7 11.a5 b5 12.axb6 Qxb6 13.Nbd2 Nd5 14.Nc4 Qb8 15.e4 Nb4
16.Qe2 cxd4 17.Nxd4 Bc5 18.Be3 Rc7 19.Rfc1 Re8 20.Na5 e5 21.Nf5 g6 22.Bxc5 Rxc5
23.Ne3 Qb6 24.Nac4 Qe6 25.Qd2 Nc6 26.Nd6 Rd8 27.Nxc8 Ndb8 28.Qxd8+ Nxd8 29.Rxc5 Nbc6
30.Nd5 Kg7 31.Ncb6 Nb7 32.Rc4 Nd4 33.Rc7 Nd6 34.h3 N6b5 35.Rc8 Nd6 36.Ra8 f5
37.Ra7+ Nf7 38.R7xa6 fxe4 39.Ne3 Ng5 40.Nbd5 Ndf3+ 41.Bxf3 Nxf3+ 42.Kg2 Qc8
43.Ra7+ Kh6 44.Nf6 Qc6 45.Nfg4+ Kg5 46.Rxh7 Qe6 47.h4+ Nxh4+ 48.gxh4+ Kf4
49.Raa7  1-0

[Event "European Senior Teams 2012"]
[Site "Rogaska Slatina SLO"]
[Date "2012.04.01"]
[Round "6.15"]
[White "Falk,Th"]
[Black "Van Herck,M"]
[Result "1/2-1/2"]
[WhiteElo "2132"]
[BlackElo "2097"]

1.Nf3 d5 2.d4 Nf6 3.c4 e6 4.g3 Be7 5.Bg2 O-O 6.O-O c6 7.Nbd2 Nbd7 8.Qc2 b6
9.b3 Bb7 10.Bb2 Rc8 11.e4 dxe4 12.Nxe4 Nxe4 13.Qxe4 Nf6 14.Qc2 Qc7 15.Rad1 Rfd8
16.Ne5 c5 17.Bxb7 Qxb7 18.dxc5 Bxc5 19.Rxd8+ Rxd8 20.Rd1 Qc7 21.Rxd8+ Qxd8
22.Qd3 Qxd3 23.Nxd3 Bd6 24.f3 Kf8 25.Kf2 Ke7 26.Ke3 h5 27.Be5 Ne8 28.Kd4 f6
29.Bxd6+  1/2-1/2

[Event "European Senior Teams 2012"]
[Site "Rogaska Slatina SLO"]
[Date "2012.04.01"]
[Round "6.22"]
[White "Johansson,P"]
[Black "Bue,G"]
[Result "1/2-1/2"]
[WhiteElo "2031"]
[BlackElo "1719"]

1.d4 d5 2.Nf3 Nf6 3.c4 e6 4.g3 Be7 5.Bg2 O-O 6.O-O b6 7.Qc2 Bb7 8.Bf4 Nbd7
9.h4 dxc4 10.Qxc4 Rc8 11.Qa4 Nd5 12.Bd2 c5 13.Nc3 Bc6 14.Qd1 Nxc3 15.Bxc3 Nf6
16.Qd3 cxd4 17.Nxd4 Bxg2 18.Kxg2 Qd5+ 19.f3 e5 20.Nf5 Qc5 21.b4 Qc7 22.Qb5 a6
23.Nxe7+ Qxe7 24.Qxe5 Qxe5 25.Bxe5 Rfe8 26.Bd4 Rxe2+ 27.Rf2 Rxf2+ 28.Kxf2 Rc2+
29.Ke3 b5 30.Bxf6 gxf6 31.a4 Rb2 32.axb5 axb5 33.Kf4 Rxb4+ 34.Kf5 Kg7 35.f4 Rc4
36.Ra6 Rc5+ 37.Ke4 h5 38.Rb6 Kg6 39.Kd4 Rf5 40.Rb8 Kg7  1/2-1/2

[Event "European Senior Teams 2012"]
[Site "Rogaska Slatina SLO"]
[Date "2012.04.03"]
[Round "8.20"]
[White "Johansson,P"]
[Black "Wood,Peter R"]
[Result "0-1"]
[WhiteElo "2031"]
[BlackElo "1890"]

1.d4 e6 2.c4 Nf6 3.Nf3 d5 4.g3 Be7 5.Bg2 O-O 6.O-O dxc4 7.Nbd2 b5 8.Ne5 Nd5
9.a4 c6 10.Ne4 f6 11.Nf3 a5 12.Bf4 Na6 13.h4 Nac7 14.Bd2 b4 15.Qc2 Nb6 16.Bh3 Qd5
17.Bf4 Ra7 18.Ned2 c5 19.e4 Qc6 20.dxc5 Bxc5 21.e5 Ncd5 22.Bg2 Nxf4 23.gxf4 Qc7
24.Rfc1 Ba6 25.Nb3 Nd5 26.Nbd4 Qb6 27.Qe4 f5 28.Qe2 Bxd4 29.Ng5 c3 30.Qh5 g6
31.Qh6 cxb2 32.Nxh7 Rxh7 33.Qxg6+ Rg7  0-1

[Event "European Senior Teams 2012"]
[Site "Rogaska Slatina SLO"]
[Date "2012.04.03"]
[Round "8.15"]
[White "Falk,Th"]
[Black "Mira,H"]
[Result "1/2-1/2"]
[WhiteElo "2132"]
[BlackElo "2083"]

1.Nf3 d5 2.d4 Nf6 3.c4 e6 4.g3 Be7 5.Bg2 O-O 6.O-O c6 7.Nbd2 Nbd7 8.Qc2 b6
9.b3 Bb7 10.Bb2 Rc8 11.e4 c5 12.exd5 exd5 13.dxc5 Bxc5 14.Nd4 Qc7 15.Qf5 dxc4
16.Bxb7 Qxb7 17.Nxc4 b5 18.Ne3 a6 19.Rad1 Rfe8 20.Rfe1 Qe4 21.Qxe4 Nxe4 22.Ndf5 Ne5
23.Kg2 f6 24.f3 Bxe3 25.Nxe3  1/2-1/2

[Event "43rd Mar del Plata Open"]
[Site "Mar del Plata ARG"]
[Date "2012.04.04"]
[Round "6"]
[White "Perelman,H"]
[Black "Meza,Hu"]
[Result "1-0"]
[WhiteElo "2374"]
[BlackElo "2291"]

1.c4 Nf6 2.g3 e6 3.Bg2 d5 4.d4 Be7 5.Nf3 O-O 6.O-O dxc4 7.Qc2 a6 8.Qxc4 b5
9.Qc2 Bb7 10.Bg5 Nbd7 11.Bxf6 Nxf6 12.Nbd2 Rc8 13.Nb3 Be4 14.Qc3 Nd7 15.Rfd1 c5
16.Nxc5 Nxc5 17.dxc5 Qc7 18.b4 Bf6 19.Nd4 Bxg2 20.Kxg2 e5 21.Nb3 e4 22.Nd4 Qe5
23.e3 h5 24.Qc2 h4 25.Qe2 g6 26.a4 Kg7 27.axb5 axb5 28.Qg4 Rh8 29.Ra7 Rce8
30.Rd7 Rh7 31.h3 Bg5 32.f4  1-0

[Event "6th Philadelphia Open"]
[Site "Philadelphia USA"]
[Date "2012.04.04"]
[Round "1.35"]
[White "Helfst,Matt D"]
[Black "Nemcova,Kat"]
[Result "0-1"]
[WhiteElo "1929"]
[BlackElo "2275"]

1.Nf3 d5 2.d4 Nf6 3.c4 e6 4.g3 Be7 5.Bg2 c6 6.Qd3 Nbd7 7.Nc3 b6 8.cxd5 cxd5
9.Bf4 O-O 10.O-O a6 11.Rac1 Bb7 12.Rc2 Rc8 13.Rfc1 b5 14.Nd2 Nb6 15.f3 Nc4
16.Be3 Qd7 17.Bf2 a5 18.Nd1 Ba6 19.Ne3 Nxb2  0-1

[Event "O2C Doeberl Cup Premier 2012"]
[Site "Canberra AUS"]
[Date "2012.04.06"]
[Round "3.11"]
[White "Karthikeyan,P2"]
[Black "Sandler,L"]
[Result "1-0"]
[WhiteElo "2414"]
[BlackElo "2284"]

1.d4 d5 2.c4 e6 3.Nf3 Nf6 4.g3 Be7 5.Bg2 O-O 6.b3 c6 7.O-O b6 8.Bb2 Bb7 9.Nbd2 Nbd7
10.e3 Rc8 11.Qe2 c5 12.Rfd1 Qc7 13.Rac1 Qb8 14.cxd5 Bxd5 15.e4 Bb7 16.d5 exd5
17.e5 Ne4 18.Nxe4 dxe4 19.Rxd7 exf3 20.Bxf3 Rc7 21.Rcd1 Bc8 22.e6 f6 23.Bc1 g5
24.h4 h6 25.hxg5 hxg5 26.Be4  1-0

[Event "Paskturneringen Open"]
[Site "Norrkoping SWE"]
[Date "2012.04.06"]
[Round "2"]
[White "Gleizerov,E"]
[Black "Andersson,Gunnar"]
[Result "1-0"]
[WhiteElo "2570"]
[BlackElo "2084"]

1.d4 Nf6 2.c4 e6 3.g3 d5 4.Nf3 Be7 5.Bg2 O-O 6.O-O dxc4 7.Nc3 Nc6 8.e3 a6
9.Qa4 Bd7 10.Qxc4 b5 11.Qd3 Rb8 12.Rd1 Qc8 13.Ne5 Nb4 14.Qe2 Nbd5 15.Nxd5 Nxd5
16.e4 Nb6 17.Bf4 Bd6 18.Rac1 f6 19.Nxd7 Qxd7 20.e5 Be7 21.exf6 Bxf6 22.Rxc7 Qe8
23.Bc6  1-0

[Event "O2C Doeberl Cup Premier 2012"]
[Site "Canberra AUS"]
[Date "2012.04.07"]
[Round "5.20"]
[White "Wright,N"]
[Black "Pan,Andrew"]
[Result "1-0"]
[WhiteElo "2183"]
[BlackElo "2032"]

1.Nf3 d5 2.d4 Nf6 3.c4 e6 4.g3 Be7 5.Bg2 O-O 6.O-O c6 7.Qc2 b6 8.Nbd2 Nbd7
9.e4 dxe4 10.Nxe4 Bb7 11.Rd1 Qc8 12.Bf4 Nxe4 13.Qxe4 Nf6 14.Qe2 Re8 15.Bh3 Ba6
16.Ne5 Bd6 17.Bg2 Bxe5 18.dxe5 Nd5 19.Bg5 h6 20.Bxh6 gxh6 21.Qg4+ Kf8 22.Qh4 Ne7
23.Qxh6+ Kg8 24.Rd4 Qc7 25.Rg4+ Ng6 26.Be4 Re7 27.Rg5 Bxc4 28.Rh5 Be2 29.Bxg6  1-0

[Event "OGD Prinsenstad Open A"]
[Site "Delft NED"]
[Date "2012.04.07"]
[Round "3.9"]
[White "Schroer,M"]
[Black "Kirana,M"]
[Result "1/2-1/2"]
[WhiteElo "2091"]
[BlackElo "2195"]

1.Nf3 Nf6 2.c4 e6 3.g3 d5 4.d4 Be7 5.Bg2 O-O 6.O-O dxc4 7.Ne5 c5 8.dxc5 Bxc5
9.Nc3 Qe7 10.Bg5 h6 11.Bxf6 Qxf6 12.Nxc4 Qe7 13.Qb3 Na6 14.Rac1 Rb8 15.Ne4 b6
16.Rfd1 Bb7 17.Nxc5 Nxc5 18.Qe3 Bxg2 19.Kxg2 Nd7 20.Qa3 Qxa3 21.Nxa3 Nf6
22.Rc7 a6 23.Nc4 Nd5 24.Ra7 Rbc8 25.e4 Rxc4 26.exd5 Rc2 27.d6 Rxb2 28.Rc1 Rd2
29.Rc6 Rd8 30.Rcc7 Rf8 31.Rc6 Rd8 32.Rcc7 Rf8  1/2-1/2

[Event "Karposh Open 2012"]
[Site "Skopje MKD"]
[Date "2012.04.07"]
[Round "1.21"]
[White "Antic,De"]
[Black "Ljangov,P"]
[Result "1-0"]
[WhiteElo "2513"]
[BlackElo "2089"]

1.d4 Nf6 2.c4 e6 3.g3 d5 4.Bg2 Be7 5.Nf3 O-O 6.O-O dxc4 7.Qc2 a6 8.a4 Nbd7
9.Nbd2 Nb6 10.a5 Nbd5 11.Nxc4 Bd7 12.Bd2 Bb5 13.Nfe5 Nd7 14.Nd3 Bg5 15.b3 Bxd2
16.Qxd2 Bc6 17.e4 N5f6 18.Rfe1 b5 19.Nce5 Nxe5 20.Nxe5 Bb7 21.Rac1 Rc8 22.Nc6 Qd7
23.e5 Nd5 24.Bxd5 exd5 25.Nb4 Qg4 26.Kg2 c5 27.dxc5 d4+ 28.c6 Ba8 29.f3 Qe6
30.Qxd4 Bxc6 31.Nxc6 Rxc6 32.Rxc6 Qxc6 33.Re2 h6 34.h4 Rc8 35.b4 Qe6 36.Rd2 Re8
37.f4 Qc6+ 38.Kh2 Qc1 39.Qd7 Rc8 40.Rg2 Qc6 41.Qe7 Re8 42.Qa7 Ra8 43.Qd4 Rc8
44.f5 Qc3 45.Qd6 Rc6 46.Qe7 Qc4 47.e6 fxe6 48.f6 gxf6 49.Rd2 Rc8 50.Qxf6 Qe4
51.Qxh6 Rc2 52.Qg5+ Kf7 53.Rxc2 Qxc2+ 54.Kh3 Qc6 55.Qf4+ Kg6 56.Kg4 Qc3 57.h5+ Kg7
58.Kg5 e5 59.h6+ Kg8 60.Qg4 Kh8 61.Kh5 e4 62.Qg7+ Qxg7 63.hxg7+ Kxg7 64.Kg4  1-0

[Event "Karposh Open 2012"]
[Site "Skopje MKD"]
[Date "2012.04.07"]
[Round "1.23"]
[White "Mastrovasilis,A"]
[Black "Hadzi Manev,L"]
[Result "1-0"]
[WhiteElo "2510"]
[BlackElo "2067"]

1.d4 Nf6 2.c4 e6 3.g3 d5 4.Bg2 Be7 5.Nf3 O-O 6.O-O Nbd7 7.Qc2 c6 8.Nbd2 b6
9.e4 dxe4 10.Nxe4 Bb7 11.Rd1 Qc8 12.Nxf6+ Nxf6 13.c5 Rd8 14.Bd2 b5 15.Ba5 Re8
16.Ne5 Bf8 17.a4 a6 18.Ra3 Nd5 19.Be4 g6 20.h4 f5 21.Bg2 Bg7 22.Re1 Nf6 23.Rae3 Ng4
24.Nxg4 fxg4 25.h5 gxh5 26.Be4 Bxd4 27.Bxh7+ Kh8 28.Bg6 Rf8 29.Bc3 Qd7 30.Rd1 e5
31.Rxe5 Rxf2 32.Rxd4  1-0

[Event "23rd Lenk Open"]
[Site "Lenk SUI"]
[Date "2012.04.08"]
[Round "6.3"]
[White "Gerber,R"]
[Black "Leutwyler,Mathias"]
[Result "1-0"]
[WhiteElo "2412"]
[BlackElo "2099"]

1.d4 d5 2.c4 e6 3.g3 Nf6 4.Bg2 Be7 5.Nf3 O-O 6.O-O c5 7.cxd5 exd5 8.Nc3 Nc6
9.Be3 c4 10.Ne5 h6 11.b3 Qa5 12.Qc2 Bb4 13.Rfc1 Bf5 14.Qxf5 Bxc3 15.Nxc6 bxc6
16.Rab1 Bd2 17.Bxd2 Qxd2 18.e3 Qxa2 19.bxc4 Rfd8 20.Ra1 Qb2 21.Qc2 Qb7 22.Rcb1 Qd7
23.Ra6 Rab8 24.Rba1 Rb7 25.cxd5 cxd5 26.Qa2 Rdb8 27.Rxa7 Rb1+ 28.Rxb1 Rxb1+
29.Qxb1 Qxa7 30.h3 g6 31.Bf3 Kg7 32.Kg2 Qa4 33.Qb8 Qc6 34.h4 h5 35.Qe5 Kg8
36.Bd1 Qb6 37.Bc2 Kg7 38.Ba4 Kf8 39.Bb3 Qxb3 40.Qxf6 Qc4 41.Kf3 Qa2 42.Kg2 Qc4
43.Qe5 Qc6 44.e4 dxe4 45.d5 Qe8 46.Qf6 Qd7 47.d6 Kg8 48.Qe7 Qg4 49.d7 Qf3+
50.Kg1 Qd1+ 51.Kh2  1-0

[Event "I FirstSun Mallorca"]
[Site "Cala Rajada ESP"]
[Date "2012.04.13"]
[Round "7"]
[White "Monroy,C"]
[Black "Minzer,C"]
[Result "1/2-1/2"]
[WhiteElo "2401"]
[BlackElo "2452"]

1.Nf3 Nf6 2.c4 e6 3.g3 d5 4.d4 Be7 5.Bg2 O-O 6.O-O dxc4 7.Qa4 a6 8.Qxc4 b5
9.Qc2 Bb7 10.Bd2 h6 11.a3 Be4 12.Qc1 Nc6 13.Bc3 a5 14.Nbd2 Bd5 15.Qc2 b4
16.e4 Nxe4 17.Nxe4 bxc3 18.bxc3 f5 19.Ned2 Bf6 20.Rab1 Rb8 21.Rfe1 Re8 22.Qd3 a4
23.Qa6 Ra8 24.Qd3 Rb8 25.Qa6 Ra8 26.Qb5 Rb8 27.Qa6  1/2-1/2

[Event "Karposh Open 2012"]
[Site "Skopje MKD"]
[Date "2012.04.14"]
[Round "9.1"]
[White "Markus,Rob"]
[Black "Georgiev,Ki"]
[Result "1/2-1/2"]
[WhiteElo "2625"]
[BlackElo "2671"]

1.d4 Nf6 2.c4 e6 3.Nf3 d5 4.g3 Be7 5.Bg2 O-O 6.O-O dxc4 7.Qc2 a6 8.a4 Bd7
9.Qxc4 Bc6 10.Bg5 Bd5 11.Qc2 Be4 12.Qd1 c5 13.dxc5 Bxc5 14.Nc3  1/2-1/2

[Event "Schachbundesliga 2011-12"]
[Site "Dortmund GER"]
[Date "2012.04.15"]
[Round "15"]
[White "Tereick,B"]
[Black "Klein,Da"]
[Result "1-0"]
[WhiteElo "2386"]
[BlackElo "2359"]

1.Nf3 Nf6 2.g3 d5 3.Bg2 e6 4.c4 Be7 5.d4 O-O 6.O-O dxc4 7.Qa4 a6 8.Qxc4 b5
9.Qc2 Bb7 10.Bg5 Nbd7 11.Bxf6 Nxf6 12.Nbd2 Rc8 13.Nb3 c5 14.dxc5 Bd5 15.Rfd1 Qc7
16.Ne1 Bxc5 17.Nxc5 Qxc5 18.Qxc5 Rxc5 19.Bxd5 Nxd5 20.Rac1 Rc4 21.Rxc4 bxc4
22.e4 Nf6 23.Rc1 Rc8 24.f3 g5 25.b3 c3 26.g4 h5 27.h3 hxg4 28.hxg4 Kg7 29.Kf2 Nd7
30.Ke3 Kf6 31.Rc2 a5 32.Nd3 Ne5 33.a4 Rc7 34.Nc1 Rc8 35.Nd3 Rc7 36.Nc1 Rc8
37.Ne2 Rh8 38.Rxc3 Rh3 39.Kf2 Rh2+ 40.Kf1 Rh1+ 41.Kg2 Rd1 42.Kf2 Rb1 43.Nd4 Ng6
44.Nc6 Nf4 45.e5+ Kg7 46.Nxa5 Rb2+ 47.Ke1 Re2+ 48.Kd1 Rxe5 49.Nc6 Re2 50.a5 Ra2
51.Rc2 Ra3 52.Rb2 Nd3 53.Kc2 Ne1+ 54.Kc3 Nxf3 55.Rf2 Ne5 56.Nxe5 Rxa5 57.Nc4 Ra8
58.b4 Rb8 59.Nd6 f5 60.gxf5 Kf6  1-0

[Event "14th Dubai Open 2012"]
[Site "Dubai UAE"]
[Date "2012.04.18"]
[Round "4.20"]
[White "Grigoryan,Av"]
[Black "Karthikeyan,M2"]
[Result "1/2-1/2"]
[WhiteElo "2600"]
[BlackElo "2306"]

1.d4 Nf6 2.c4 e6 3.Nf3 d5 4.g3 Be7 5.Bg2 O-O 6.O-O dxc4 7.Qc2 a6 8.Qxc4 b5
9.Qc2 Bb7 10.Bd2 Be4 11.Qc1 Nbd7 12.Ba5 Rc8 13.Nbd2 Ba8 14.b4 Nb8 15.Nb3 Nc6
16.a3 Nxa5 17.Nxa5 c5 18.dxc5 Bxc5 19.Qd2 Bb6 20.Nb3 Ne4 21.Qxd8 Rfxd8 22.e3 g5
23.a4 Nxf2 24.Kxf2 Rc2+ 25.Kg1 Bxe3+ 26.Kh1 Rxg2 27.Kxg2 g4 28.axb5 Bxf3+
29.Rxf3 gxf3+ 30.Kxf3 Rd3 31.Na5 axb5 32.Ke4 Rc3 33.Rd1 Bg5 34.Rd7 f5+ 35.Ke5 Re3+
36.Kd6 e5 37.Ke6 f4 38.h4 Bh6 39.Nc6 Bf8 40.Rd8 Kg7 41.Rd7+ Kg8 42.Rd8 Kg7
43.Rd7+ Kg8  1/2-1/2

[Event "2nd Women Masters"]
[Site "Jiangsu Wuxi CHN"]
[Date "2012.04.18"]
[Round "8"]
[White "Huang Qian"]
[Black "Tan Zhongyi"]
[Result "1/2-1/2"]
[WhiteElo "2399"]
[BlackElo "2438"]

1.d4 d5 2.Nf3 Nf6 3.c4 e6 4.g3 Be7 5.Bg2 O-O 6.O-O dxc4 7.Qc2 a6 8.Qxc4 b5
9.Qc2 Bb7 10.Bd2 Be4 11.Qc1 Bb7 12.Qc2 Be4 13.Qc1 Bb7 14.Qc2 Be4 15.Qc1 Bb7
16.Qc2 Be4  1/2-1/2

[Event "14th Dubai Open 2012"]
[Site "Dubai UAE"]
[Date "2012.04.19"]
[Round "5.11"]
[White "Ganguly,S"]
[Black "Swapnil,SD"]
[Result "1-0"]
[WhiteElo "2633"]
[BlackElo "2426"]

1.d4 Nf6 2.c4 e6 3.g3 d5 4.Nf3 Be7 5.Bg2 O-O 6.O-O dxc4 7.Qc2 a6 8.a4 Bd7
9.Qxc4 Bc6 10.Bf4 Bd6 11.Bg5 Nbd7 12.Nfd2 Bxg2 13.Kxg2 c5 14.Nc3 cxd4 15.Qxd4 Be5
16.Qb4 h6 17.Bxf6 Nxf6 18.Rfd1 Bxc3 19.Qxc3 Rc8 20.Qb3 Qe7 21.Nc4 Rfd8 22.Nb6 Rc6
23.a5 Qc7 24.Rxd8+ Qxd8 25.Rd1 Qc7 26.Rd4 Rd6 27.Rc4 Rc6 28.Qd3 Rxc4 29.Qxc4 Qe7
30.e3 g6 31.Qd4 e5 32.Qc4 Kg7 33.Na4 Qd7 34.Nc3 h5 35.Qc5 Qd2 36.h3 Nd7 37.Qb4 Qc2
38.h4 Nf6 39.Qxb7 Ng4 40.Qf3 Qxb2 41.Ne4 Qa2 42.Nd6 Qd2 43.Qxf7+ Kh8 44.Ne4 Nxe3+
45.Kh3  1-0

[Event "TCh-CZE Extraliga 2011-12"]
[Site "Czech Republic CZE"]
[Date "2012.04.20"]
[Round "9.5"]
[White "Rojicek,V"]
[Black "Malik,J"]
[Result "1-0"]
[WhiteElo "2406"]
[BlackElo "2352"]

1.d4 d5 2.c4 e6 3.Nf3 Nf6 4.g3 Be7 5.Bg2 O-O 6.O-O dxc4 7.Qc2 a6 8.a4 Bd7
9.Rd1 Bc6 10.Nc3 a5 11.e4 Na6 12.Ne5 Nb4 13.Qe2 Nd3 14.Nxc4 Nxc1 15.Raxc1 Bb4
16.Ne5 Be8 17.b3 Qe7 18.Qc4 c6 19.Qe2 Nd7 20.Nc4 Bxc3 21.Rxc3 b5 22.Nb2 Nb6
23.Rc5 Bd7 24.Qc2 Rfc8 25.h4 Be8 26.h5 h6 27.Nd3 Rd8 28.Ne5 Rac8 29.Nxc6 Bxc6
30.Rxc6 bxa4 31.bxa4 Qb4 32.d5 exd5 33.exd5 Qxa4 34.Qxa4 Nxa4 35.Ra1 Nb2
36.Rxa5 Nc4 37.Rac5 Nb6 38.f4 Rb8 39.Rb5 Nd7 40.Rxb8 Nxb8 41.Rb6 Nd7 42.Rb5 Nf6
43.Bf3 Kf8 44.Kf2 Ne8 45.Rc5 Nd6 46.g4 Rc8 47.Rc6 Ke7 48.g5 Rxc6 49.dxc6 Nb5
50.gxh6 gxh6 51.Ke3 Kd6 52.Ke4 Kxc6 53.Ke5+ Kd7 54.Kf6 Nd6 55.Bg4+ Ke8 56.Kg7 Ke7
57.Kxh6 f5 58.Bf3 Kf6 59.Kh7 Nc8 60.Kg8 Ne7+ 61.Kf8 Nc8 62.Bc6 Nd6 63.Bd7 Nc8
64.Be8 Ne7 65.Bf7 Nc8 66.h6 Nd6 67.Bh5 Nf7 68.h7  1-0

[Event "TCh-AUT 1st Bundesliga 2012"]
[Site "Jenbach AUT"]
[Date "2012.04.20"]
[Round "9.2"]
[White "Gyimesi,Z"]
[Black "Rozentalis,E"]
[Result "1/2-1/2"]
[WhiteElo "2652"]
[BlackElo "2592"]

1.d4 Nf6 2.c4 e6 3.g3 d5 4.Bg2 Be7 5.Nf3 O-O 6.O-O dxc4 7.Qc2 a6 8.Qxc4 b5
9.Qc2 Bb7 10.Bd2 Be4 11.Qc1 Qc8 12.Bg5 c5 13.Nbd2 Bb7 14.dxc5 Qxc5 15.Qxc5 Bxc5
16.Bxf6 gxf6 17.Nb3 Bb6 18.Rfd1 Ra7 19.Rac1 Bxf3 20.Bxf3 Nd7 21.e3 Rb8 22.Kg2 Kf8
23.Nd4 Ne5 24.Nc6 Nxc6 25.Rxc6 Ke7 26.Rdd6 Rd8 27.Rxd8 Bxd8 28.b3 f5 29.a4 bxa4
30.bxa4 Kf6  1/2-1/2

[Event "TCh-CAT 2012"]
[Site "Catalunya ESP"]
[Date "2012.04.21"]
[Round "11.9"]
[White "Colls Gelaberto,E"]
[Black "Campos Cayuelas,A"]
[Result "1/2-1/2"]
[WhiteElo "2149"]
[BlackElo "1997"]

1.d4 d5 2.c4 e6 3.Nf3 Nf6 4.g3 Be7 5.Bg2 dxc4 6.O-O O-O 7.Ne5 Nbd7 8.Nxc4 c5
9.Nc3 cxd4 10.Qxd4 Bc5 11.Qd3 Nb6 12.Qxd8 Rxd8 13.Na5 Nbd5 14.Bg5 Bb4 15.Nxd5 exd5
16.Nb3 Be6 17.Rac1 Rac8 18.Nd4 Be7 19.Rfd1 h6 20.Bf4 Bc5 21.h3 Bxd4 22.Rxd4 Rxc1+
23.Bxc1 Rc8 24.Be3 Rc2 25.Rd2 Rxd2 26.Bxd2 Ne4 27.Be3 b6 28.Kf1 Kf8 29.Ke1 Ke7
30.Kd1 Kd7 31.g4 f5 32.f3 Nd6 33.Bd4 g6 34.b3 Kc6 35.Bg7 fxg4 36.hxg4 h5
37.gxh5 gxh5 38.Ke1 Nf5 39.Bf6 Kc5 40.Bh3 Kb4 41.e4 dxe4 42.fxe4 Nd4 43.Bxd4 Bxh3
44.Bb2 Be6 45.Kf2 h4 46.Kf3 a5 47.Bf6 Ka3 48.Bxh4 Kxa2 49.Bd8 Kxb3 50.Bxb6  1/2-1/2

[Event "TCh-CZE Extraliga 2011-12"]
[Site "Czech Republic CZE"]
[Date "2012.04.21"]
[Round "10.5"]
[White "Konopka,M"]
[Black "Rojicek,V"]
[Result "1/2-1/2"]
[WhiteElo "2436"]
[BlackElo "2406"]

1.Nf3 d5 2.d4 Nf6 3.c4 e6 4.g3 Be7 5.Bg2 O-O 6.O-O Nbd7 7.Qc2 c6 8.b3 b6
9.Nbd2 Ba6 10.e4 Rc8 11.Bb2 c5 12.exd5 exd5 13.Rfd1 cxd4 14.a4 Re8 15.Nxd4 Bc5
16.Qf5 g6 17.Qg5 Re5 18.Qf4 Bb7 19.Re1  1/2-1/2

[Event "ch-FRA Cadets 2012"]
[Site "Nimes FRA"]
[Date "2012.04.21"]
[Round "9.3"]
[White "Loiseau,Q"]
[Black "Deslias,G"]
[Result "1-0"]
[WhiteElo "2273"]
[BlackElo "2054"]

1.d4 Nf6 2.c4 e6 3.g3 Be7 4.Bg2 d5 5.Nf3 O-O 6.O-O dxc4 7.Qc2 a6 8.a4 Bd7
9.Ne5 Bc6 10.Nxc6 Nxc6 11.e3 Na5 12.Nd2 c5 13.dxc5 Bxc5 14.Nxc4 Nxc4 15.Qxc4 Qe7
16.Bd2 Rac8 17.Qh4 Rfd8 18.Rfd1 Rd7 19.Bc3 Rcd8 20.Rxd7 Rxd7 21.b4 Ba7 22.Qg5 Ne8
23.Qxe7 Rxe7 24.Rd1 e5 25.Rd8 e4 26.a5 f5 27.Ra8 b5 28.axb6 Bxb6 29.Bf1 h6
30.Rxa6 Bc7 31.b5 Nf6 32.Bxf6 gxf6 33.Rxf6 Kg7 34.Rxf5 Be5 35.b6 Kg6 36.Rxe5 Rxe5
37.b7 Re8 38.Bh3 Rb8 39.Bc8 h5 40.Kg2 Kg5 41.Kh3  1-0

[Event "TCh-CZE Extraliga 2011-12"]
[Site "Czech Republic CZE"]
[Date "2012.04.22"]
[Round "11.4"]
[White "Sasikiran,K"]
[Black "Talla,V"]
[Result "1-0"]
[WhiteElo "2689"]
[BlackElo "2399"]

1.d4 d5 2.c4 e6 3.Nf3 Nf6 4.g3 Be7 5.Bg2 O-O 6.O-O dxc4 7.Qc2 a6 8.a4 Bd7
9.Qxc4 Bc6 10.Bf4 a5 11.Nc3 Na6 12.Rac1 Nb4 13.Ne5 Bxg2 14.Kxg2 c6 15.e4 Nd7
16.Nf3 Qb6 17.Rfd1 Nf6 18.Ne5 Rfd8 19.Be3 Qa6 20.f3 Nd7 21.Qxa6 Rxa6 22.Nc4 Nf6
23.Rd2 Ne8 24.b3 Nd6 25.Rcd1 Kf8 26.Bf4 Nxc4 27.bxc4 Bf6 28.c5 Be7 29.Nb1 Rd7
30.Na3 b6 31.Nc4 bxc5 32.dxc5 Rxd2+ 33.Rxd2 Bxc5 34.Rd8+ Ke7 35.Rg8 Bd4 36.Bd6+ Kd7
37.Rf8 Nc2 38.Rxf7+ Kd8 39.Bc7+  1-0

[Event "3rd LUC Open"]
[Site "Lille FRA"]
[Date "2012.04.25"]
[Round "3.24"]
[White "Bellahcene,B"]
[Black "Adrien,V"]
[Result "1-0"]
[WhiteElo "2321"]
[BlackElo "1973"]

1.d4 Nf6 2.c4 e6 3.g3 d5 4.Bg2 Be7 5.Nf3 O-O 6.O-O Nbd7 7.Qc2 dxc4 8.Qxc4 c6
9.Nc3 Nb6 10.Qb3 Nbd5 11.Re1 Qb6 12.Qc2 Nxc3 13.bxc3 Bd7 14.Rb1 Qa6 15.Ne5 b5
16.a4 Rac8 17.Be3 Rfd8 18.Ra1 b4 19.cxb4 Bxb4 20.Reb1 Nd5 21.Be4 g6 22.Bg5 Be7
23.Bxe7 Nxe7 24.Qc5 Qxe2 25.Qxe7 Qxe4 26.Qxf7+ Kh8 27.Qf6+ Kg8 28.Qf7+ Kh8
29.Nxd7  1-0

[Event "10th Nabokov Mem GM"]
[Site "Kiev UKR"]
[Date "2012.04.26"]
[Round "9.4"]
[White "Golichenko,I"]
[Black "Vysochin,S"]
[Result "1/2-1/2"]
[WhiteElo "2408"]
[BlackElo "2550"]

1.d4 d5 2.c4 e6 3.Nf3 Nf6 4.g3 Be7 5.Bg2 O-O 6.O-O dxc4 7.Qc2 b5 8.a4 b4
9.Ne5 Qxd4 10.Nxc4 c6 11.Be3 Qg4 12.Ne5 Qh5 13.Nxc6 Nxc6 14.Qxc6 Ng4 15.h3 Nxe3
16.fxe3 Rb8 17.Qc7 Ba6 18.Qxe7 Qxe2 19.Qxa7 Ra8 20.Qb6 Rab8 21.Qa7 Ra8 22.Qb6 Rab8  1/2-1/2

[Event "ch-BUL 2012"]
[Site "Panagyurishte BUL"]
[Date "2012.04.26"]
[Round "9.2"]
[White "Marholev,D"]
[Black "Petkov,V"]
[Result "0-1"]
[WhiteElo "2383"]
[BlackElo "2509"]

1.Nf3 d5 2.c4 e6 3.d4 Nf6 4.g3 Be7 5.Bg2 O-O 6.O-O dxc4 7.Qc2 b5 8.a4 b4
9.Qxc4 Ba6 10.Qc2 Nbd7 11.Bg5 Rc8 12.Qd1 c5 13.dxc5 Nxc5 14.Nbd2 h6 15.Bf4 Nd5
16.Be5 Bf6 17.Re1 Bxe5 18.Nxe5 Qf6 19.e4 Nb6 20.Qh5 Rfd8 21.Ndf3 Nd3 22.Nxd3 Bxd3
23.a5 Nc4 24.b3 Na3 25.e5 Qg6 26.Qxg6 Bxg6 27.Ra2 Rc3 28.Nd2 Rc2 29.Rxc2 Nxc2
30.Rd1 Bh5  0-1

[Event "TCh-AUT 2 Ost 2011-12"]
[Site "Bruck AUT"]
[Date "2012.04.28"]
[Round "10"]
[White "Juhasz,Kr"]
[Black "Schneider Zinner,H"]
[Result "1/2-1/2"]
[WhiteElo "2357"]
[BlackElo "2386"]

1.c4 e6 2.Nf3 d5 3.g3 Nf6 4.Bg2 Be7 5.d4 O-O 6.Qc2 c6 7.Nbd2 b6 8.O-O Bb7
9.e4 Nbd7 10.Rd1 Rc8 11.b3 c5 12.exd5 exd5 13.Qf5 dxc4 14.Nxc4 b5 15.Ne3 Be4
16.Qh3 c4 17.bxc4 bxc4 18.Ne5 Bxg2 19.Qxg2 Nb6 20.a4 Nfd5 21.Nf5 a5 22.Nxe7+ Nxe7
23.Ba3 Re8 24.Bc5 f6 25.Bxe7 Qxe7 26.Nc6 Qd7 27.Nxa5 Nxa4 28.Qb7 Qxb7 29.Nxb7 Nc3
30.Nd6 Nxd1 31.Rxd1 Red8 32.Nxc8 Rxc8 33.Kf1 Kf7  1/2-1/2

[Event "Norsk Sjakkfestival"]
[Site "Fagernes NOR"]
[Date "2012.05.01"]
[Round "5"]
[White "Rausis,I"]
[Black "Vaarala,E"]
[Result "1-0"]
[WhiteElo "2481"]
[BlackElo "2241"]

1.d4 Nf6 2.c4 e6 3.g3 d5 4.Bg2 Be7 5.Nf3 O-O 6.O-O b6 7.cxd5 exd5 8.Nc3 Bb7
9.Bf4 a6 10.Qc2 Bd6 11.Ne5 h6 12.Rad1 Re8 13.Qb3 c6 14.e4 c5 15.Nxf7 Kxf7
16.e5 c4 17.Qc2 Bc7 18.exf6 Bxf4 19.gxf4 Nd7 20.Nxd5 Nxf6 21.Nxf6 Bxg2 22.Nxe8 Bxf1
23.Kxf1 Qxe8 24.Qxc4+ Qe6 25.Qxe6+ Kxe6 26.d5+ Kd6 27.Ke2 Rc8 28.Kd3 Kxd5
29.Rg1 Rc4 30.Rxg7 Rxf4 31.Ke3 Rh4 32.Rg2 Ra4 33.a3 Re4+ 34.Kf3 Re6 35.Rg4 Rc6
36.Kg3 Rc2 37.Rb4 b5 38.f4 Kc5 39.f5 Kd6 40.Re4 Rxb2 41.f6 Rb1 42.Rf4 Rg1+
43.Kh4 Rg8 44.f7 Rf8 45.Kh5 Ke5 46.Rf2 Kd5  1-0

[Event "Asian Continental w 2012"]
[Site "Ho Chi Minh City VIE"]
[Date "2012.05.05"]
[Round "1.13"]
[White "Padmini,R"]
[Black "Pratyusha,B"]
[Result "1/2-1/2"]
[WhiteElo "2345"]
[BlackElo "2123"]

1.d4 Nf6 2.g3 e6 3.c4 d5 4.Bg2 Be7 5.Nf3 O-O 6.O-O dxc4 7.Qa4 a6 8.Qxc4 b5
9.Qc2 Bb7 10.Bf4 Nd5 11.Bd2 Nd7 12.Ba5 Qc8 13.Nbd2 c5 14.Rac1 Qb8 15.Qb1 Rc8
16.Ne4 h6 17.dxc5 Nxc5 18.Nxc5 Bxc5 19.Ne1 Bb4 20.Bxb4 Nxb4 21.a3 Rxc1 22.Qxc1 Bxg2
23.Nxg2 Nd5 24.Qc6 Qc8 25.Rc1 Ne7 26.Qc5 Qxc5 27.Rxc5 Rc8 28.Rxc8+ Nxc8 29.Ne1 Nd6
30.b3 Ne4 31.Nd3 Nc3 32.Kf1 a5 33.Ke1 Kf8 34.Nb2 Ke7 35.a4 bxa4 36.bxa4 Kd6
37.Nc4+ Kd5 38.Nxa5 Nxa4 39.Nb3 Nc5 40.Nd2 e5 41.f3 f5 42.Kf2 Kd4 43.h4 g6
44.Nf1 e4 45.Ne3 exf3 46.Kxf3 Ne4 47.h5 Ng5+ 48.Kf2 Ne4+ 49.Kf3 Ng5+ 50.Kf4 Ne6+
51.Kf3 Ng5+ 52.Kf2  1/2-1/2